| 000 | 01025nam a2200169Ia 4500 | ||
|---|---|---|---|
| 005 | 20250627175625.0 | ||
| 008 | 250627s9999 xx 000 0 und d | ||
| 020 | _a9780470098264 | ||
| 082 |
_a910.73071 _bBIR |
||
| 100 | _aBirdsall, Stephen S. | ||
| 245 | 0 | _aRegional Landscapes of the US and Canada | |
| 260 |
_bJohn Wiley & Sons _c2008 |
||
| 300 | _a270 pages | ||
| 500 | _aThis bestselling book has been praised for providing general readers with an excellent introduction to major geographic concepts and fundamental themes. The new seventh edition builds on this success, presenting updated and revised material. It includes information from the 2002 agricultural census and the 2005 mid-point US population census. Readers will also find updated coverage of the Southern Coastlands and Hurricane Katrina as well as new details on the Northlands and the impact of global warming. Anyone interested in the geography of Canada and the US will find this a valuable resource. | ||
| 650 | _aScience | ||
| 942 | _cENGLISH | ||
| 999 |
_c574151 _d574151 |
||